Reisen in den Vereinigten Staaten, Canada und Mexico (Record no. 6096)

MARC details
000 -CABECERA
campo de control de longitud fija 01010nam a2200265 a 4500
001 - NÚMERO DE CONTROL
campo de control BRCA_6411
005 - FECHA Y HORA DE LA ÚLTIMA TRANSACCIÓN
campo de control 20190320205438.0
008 - DATOS DE LONGITUD FIJA--INFORMACIÓN GENERAL
campo de control de longitud fija 101208s1865----gw-a######---#000-0#ger-u
041 ## - CÓDIGO DE LENGUA
Código de lengua del texto/banda sonora o título independiente ger
044 ## - CÓDIGO DEL PAÍS DE LA ENTIDAD EDITORA/PRODUCTORA
Código MARC del país gw
050 #4 - SIGNATURA TOPOGRÁFICA DE LA BIBLIOTECA DEL CONGRESO
Número de clasificación F1211
Número de documento/Ítem .M85 3 1865
100 1# - ENTRADA PRINCIPAL--NOMBRE DE PERSONA
Nombre de persona Müller, Baron I. W. von
9 (RLIN) 8001
245 10 - MENCIÓN DE TÍTULO
Título Reisen in den Vereinigten Staaten, Canada und Mexico
Mención de responsabilidad, etc. von Baron I. W. von Müller.
260 ## - PUBLICACIÓN, DISTRIBUCIÓN, ETC.
Lugar de publicación, distribución, etc. Leipzig
Nombre del editor, distribuidor, etc. F. A. Brockhaus
Fecha de publicación, distribución, etc. 1865
300 ## - DESCRIPCIÓN FÍSICA
Extensión 2 t. en 1 v. (v.3)
Otras características físicas il., láminas, 2 mapas plegables (1 a color)
Dimensiones 23 cm.
500 ## - NOTA GENERAL
Nota general Ejemplar igual a B211 (v.3). Ver también B15 (v.1 y 2)
500 ## - NOTA GENERAL
Nota general CDE38
505 0# - NOTA DE CONTENIDO CON FORMATO
Nota de contenido con formato Contenido: t.1. Reisen in den Vereinigten Staaten, Canada und Mexico. -- t.2. Beiträge zur Geschichte, Statistik und Zoologie von Mexico
650 14 - PUNTO DE ACCESO ADICIONAL DE MATERIA--TÉRMINO DE MATERIA
Término de materia o nombre geográfico como elemento de entrada Viajeros alemanes
9 (RLIN) 7026
651 #4 - PUNTO DE ACCESO ADICIONAL DE MATERIA--NOMBRE GEOGRÁFICO
Nombre geográfico México
Subdivisión general Descripción y viajes
9 (RLIN) 103
651 #4 - PUNTO DE ACCESO ADICIONAL DE MATERIA--NOMBRE GEOGRÁFICO
Nombre geográfico Canadá
Subdivisión general Descripción y viajes
9 (RLIN) 8002
651 #4 - PUNTO DE ACCESO ADICIONAL DE MATERIA--NOMBRE GEOGRÁFICO
Nombre geográfico Estados Unidos
Subdivisión general Descripción y viajes
9 (RLIN) 16032
902 ## - CATALOGADOR
Iniciales GFM
942 ## - ELEMENTOS DE PUNTO DE ACCESO ADICIONAL (KOHA)
Fuente del sistema de clasificación o colocación Library of Congress Classification
Tipo de ítem Koha Libros
Holdings
Estado de retiro Estado de pérdida Estado dañado No para préstamo Localización permanente Ubicación/localización actual Fecha de adquisición Número de inventario Total de préstamos Signatura topográfica completa Código de barras Fecha visto por última vez Precio válido a partir de Tipo de ítem Koha
El ejemplar forma parte de la colección y puede ser consultado según las políticas vigentes.       Biblioteca del Museo Franz Mayer (Rogerio Casas-Alatriste) Biblioteca del Museo Franz Mayer (Rogerio Casas-Alatriste) 09/09/2011 CDE38   F1211 .M85 3 1865 (CDE38) 6858 22/03/2019 22/03/2019 Libros